Philosophie. Tome I, II...VI

Salvato in:
Dettagli Bibliografici
Autore principale: Voltaire, François Marie Arouet de (Autore)
Natura: Libro
Lingua:francese
Pubblicazione: París Delangle Frères, Éditeurs-Libraires 1826
Edizione:1a. ed
Serie:Oeuvres Completes de Voltaire, 43 a 48
Soggetti:
Tags: Aggiungi Tag
Nessun Tag, puoi essere il primo ad aggiungerne!!

MARC

LEADER 00000nam a2200000 a 4500
001 UCJ7482
003 CL-VaPUC
008 070124e18260000FR |||||||||||||||||fre|d
082 0 4 |a 848  |b VOL  |2 21 
100 0 |a Voltaire, François Marie Arouet de  |e author  |9 515930 
245 1 0 |a Philosophie. Tome I, II...VI 
250 |a 1a. ed 
300 |a 6 v 
942 |c BK 
945 |d 20070124 00:00:00  |a rinostro 
260 |a París  |b Delangle Frères, Éditeurs-Libraires  |c 1826 
500 |a De los 6 volúmenes de la Filosofía, de Voltaire, en Biblioteca se encuentran los v. 4, 5 y 6.- Se encuentra en la Sala Emilio Tagle C. 
650 0 |a Sagradas escrituras  |9 349657 
650 0 |a Biblia  |9 257603 
650 0 |a Concilios  |9 315984 
650 0 |a Evangelios apócrifos   |9 269345 
583 |a last modification  |c 20070124 00:00:00  |k Rodrigo Vera 
490 0 |a Oeuvres Completes de Voltaire, 43 a 48 
999 |c 323566  |d 323564 
952 |0 0  |1 0  |4 0  |6 848_000000000000000_VOL_1826  |7 0  |8 X  |9 403267  |a FDOBUD  |b FDOBUD  |d 2019-11-22  |h v.4  |i 1064479  |o 848 VOL 1826  |p 1064479  |r 2019-11-22  |w 2019-11-22  |y BK_X  |k BUD 
952 |0 0  |1 0  |4 0  |6 848_000000000000000_VOL_1826  |7 0  |8 X  |9 403268  |a FDOBUD  |b FDOBUD  |d 2019-11-22  |h v.5  |i 1064487  |o 848 VOL 1826  |p 1064487  |r 2019-11-22  |w 2019-11-22  |y BK_X  |k BUD 
952 |0 0  |1 0  |4 0  |6 848_000000000000000_VOL_1826  |7 0  |8 X  |9 403269  |a FDOBUD  |b FDOBUD  |d 2019-11-22  |h v.6  |i 1064495  |o 848 VOL 1826  |p 1064495  |r 2019-11-22  |w 2019-11-22  |y BK_X  |k BUD